Statistics for Modules of Keep Talking and Nobody Explodes

Click here to take the quiz!

General Stats

  • This quiz has been taken 8 times
  • The average score is 12 of 14

Answer Stats

TypeModule% Correct
ModulesComplicated Wires
100%
Modules
Wires
100%
ModulesThe Button
100%
Modules demandantsKnobs
88%
ModulesMemory
88%
ModulesMorse Code
88%
ModulesSimon Says
88%
Modules demandantsVenting Gas
88%
ModulesWire Sequences
88%
Modules demandantsCapacitor Discharge
75%
ModulesKeypads
75%
ModulesMazes
75%
ModulesPasswords
75%
ModulesWho's on First
75%

Score Distribution

Percentile by Number Answered

Percent of People with Each Score

Your Score History

You have not taken this quiz